00501 2200181 4500001002100000005001700021008004100038020001800079035002500097041000700122082001100129090001500140100003500155245005900190260003500249300002600284990000900310INLIS0000000000029700:yyyyMMddHHmmss180719||||||||| | ||| |||| || |  a979-3084-18-9 a0010-031300000002970 aid0 a639.31 a639.31 BUD0 aTim Redaksi Agro Media Pustaka00aKiat Mengatasi Permasalahan Praktis : Budi Daya Gurame aDepokbAgromedia Pustakac2005 aviii, 51 hal, 23,5 cm a5571